000 00897nas a2200277 i 4500
001 2786
003 ES-MaACL
005 20250724062608.0
007 t|
008 000620d18681869sp w|ype | ||pa d
080 _a(460)
080 _a008
245 0 0 _aLos conocimientos útiles
_b: semanario enciclopédico popular.
260 _aMadrid :
_bFrancisco Roig,
_c1868-1869.
300 _a3 v. ;
_c28 cm.
310 _aSemanal
362 0 _a[T. 1], [n. 1] (1868) - t. 2, n. 26 (1869)
530 _aDisponible en formato digital.
594 _aDirector, Francisco Carvajal.
650 7 _aCultura
_2embne
_9170963
700 1 _aCarvajal, Francisco.
_935931
852 _aES-MaACL
_jHem-587
856 _uhttps://bibliotecavirtualmadrid.comunidad.madrid/bvmadrid_publicacion/es/consulta/registro.do?id=7266
_zVersión en línea 1868-1869
866 0 _o1868-1869
999 _c2786
_d2786